00552nam a2200193 a 450000500170000000800410001702000220005805000220008010000190010224500590012125000130018026000390019330000210023252100090025365000240026265000250028670000250031170000220033620140310183456.0070925s19uu xx 00 eng d a978-981-06-9898-0 aT 56 b.R544 1982 aRender, Barry. aQuantitative Analysis for Management. /bBarry Render. a10th ed. aSingapore :bPrentice Hall,c2009. a731 p. :c24 cm. aBSBA aManagement science. aOperations research. aStair, Ralph M., Jr. aHanna, Michael E.